sanah - ostatnia nadzieja - Statystyki

Ogólne statystyki
  • Ten quiz został rozwiązany 154 razy
  • Średni wynik to 127 z 182
Statystyki odpowiedzi
Odpowiedź % Poprawnych
na
99%
w
94%
a
93%
A
93%
Po
93%
nadzieja
91%
Miał
87%
miał
87%
co
85%
mam
85%
pod
85%
ta
85%
Ta
85%
to
85%
To
85%
czarny
84%
mnie
84%
nosem
84%
drobniaki
82%
wąs
82%
że
82%
Ze
82%
życie
82%
Liczył
81%
wszystko
81%
Wszystko
81%
koniaki
79%
Rozdawał
79%
się
78%
Ostatnia
76%
Ten
76%
I
75%
nie
75%
poskleja
75%
wzrok
75%
Ja
74%
umiera
74%
mama
72%
mówiła
72%
Dziś
71%
dziś
71%
sam
71%
Gdy
69%
Już
69%
uciekam
69%
zmieni
69%
błagający
68%
Moja
68%
odchodzę
68%
porzucę
68%
przeznaczenia
68%
Dość
66%
nic
66%
tak
66%
zarzekam
66%
zwlekać
66%
By
65%
jeden
65%
kierunek
65%
kieszeni
65%
stąd
65%
czekać
63%
trunek
63%
uciec
63%
Chciałby
62%
tam
62%
zmienia
62%
sobie
60%
śpiewał
60%
zawrócę
60%
gdzie
59%
lecieć
59%
pyszny
59%
ptak
54%
rzeka
51%
kot
50%
mienić
50%
przestanie
50%
we
49%
Biegł
47%
go
47%
jak
47%
lustro
47%
włosach
47%
kwiat
46%
burgundowa
44%
prężył
44%
strachu
44%
wbiła
44%
piękny
43%
Lecz
40%
Więc
40%
wiele
40%
błąd
38%
Drżał
38%
Lubiła
38%
wypływałą
38%
Zbyt
38%
jej
35%
popełniła
35%
serc
35%
Skąd
35%
stos
35%
Strzał
35%
trafiać
31%
Nie znaleziono quizów pasujących do podanych kryteriów
Rozkład punktacji
Procent ludzi z każdym wynikiem
Percentyl według liczby udzielonych odpowiedzi
Twoja historia wyników
Nie rozwiązałeś tego quizu